[Event "DEN-ch sf6"]
[Site "Svendborg"]
[Date "2024.03.29"]
[Round "1"]
[White "Sejersen, Christian"]
[Black "Holm, Henrik"]
[Result "1-0"]
[WhiteElo "1854"]
[BlackElo "1858"]
[PlyCount "75"]
[EventDate "2024.03.29"]
[EventType "swiss"]
[EventRounds "7"]
[EventCountry "DEN"]
[SourceTitle "CB16_2024"]
[SourceDate "2024.04.17"]
[SourceVersion "1"]
[SourceVersionDate "2024.04.17"]
[SourceQuality "1"]

1. Nf3 Nf6 2. g3 d5 3. Bg2 e6 4. 0-0 c5 5. c4 Nc6 6. d4 cxd4 7. Nxd4 Be7 8. Nc3 0-0 9. cxd5 Nxd5 10. Nxc6 bxc6 11. Qc2 Bb7 12. Rd1 Qb6 13. e4 Nxc3 14. bxc3 Rfd8 15. Bf4 c5 16. Rab1 Qc6 17. Rxb7 Qxb7 18. e5 Qc7 19. Bxa8 Rxa8 20. Qa4 Bf8 21. Rd7 Qb6 22. Be3 h6 23. Qf4 Qb1+ 24. Kg2 Qg6 25. Rc7 a6 26. Bxc5 Bxc5 27. Rxc5 Ra7 28. Qd4 Rb7 29. Ra5 Qc2 30. Rxa6 Rb1 31. Ra8+ Kh7 32. a4 Qc1 33. Qd3+ g6 34. Ra7 Kg7 35. a5 Qg1+ 36. Kh3 Rf1 37. Qf3 Rxf2 38. Rxf7+ 1-0

[Event "Hillerod-ch B"]
[Site "Hillerod"]
[Date "2022.05.15"]
[Round "5"]
[White "Holm, Henrik"]
[Black "Gehrig, Bruno"]
[Result "0-1"]
[WhiteElo "1826"]
[BlackElo "1723"]
[PlyCount "92"]
[EventDate "2022.05.15"]
[EventType "tourn"]
[EventRounds "5"]
[EventCountry "DEN"]
[SourceTitle "EXT 2024"]
[Source "ChessBase"]
[SourceDate "2023.10.10"]
[SourceVersion "1"]
[SourceVersionDate "2023.10.10"]
[SourceQuality "1"]

1. e4 c6 2. d4 d5 3. Nc3 dxe4 4. Nxe4 Nf6 5. Nc5 b6 6. Nb3 Bb7 7. Nf3 Nbd7 8. Be2 g6 9. 0-0 Bg7 10. c3 0-0 11. h3 Qc7 12. Be3 Nd5 13. Qd2 Nxe3 14. Qxe3 a5 15. Rfe1 Rae8 16. Qd3 a4 17. Nbd2 e5 18. Nxe5 Nxe5 19. dxe5 Bxe5 20. Nf3 Bf6 21. Bf1 Rd8 22. Qc2 b5 23. Rad1 Bc8 24. g4 Be6 25. b3 axb3 26. axb3 Bd5 27. Bg2 Qf4 28. Re3 Rfe8 29. Rde1 Rxe3 30. Rxe3 Ra8 31. Nd2 Ra1+ 32. Nf1 Be5 33. Rg3 Rc1 34. Qe2 Bxb3 35. Qe3 Qxe3 36. Rxe3 Bxc3 37. Bxc6 Bc4 38. Bg2 b4 39. Re8+ Kg7 40. Rc8 Bd3 41. Rb8 Bc4 42. Rc8 Bd4 43. Kh2 Be5+ 44. Ng3 b3 45. Bd5 b2 46. Be4 Bd5 0-1

[Event "Hillerod-ch B"]
[Site "Hillerod"]
[Date "2022.05.15"]
[Round "2"]
[White "Holm, Henrik"]
[Black "Lavrsen, Frands Winther"]
[Result "0-1"]
[WhiteElo "1826"]
[BlackElo "1792"]
[PlyCount "96"]
[EventDate "2022.05.15"]
[EventType "tourn"]
[EventRounds "5"]
[EventCountry "DEN"]
[SourceTitle "EXT 2024"]
[Source "ChessBase"]
[SourceDate "2023.10.10"]
[SourceVersion "1"]
[SourceVersionDate "2023.10.10"]
[SourceQuality "1"]

1. e4 Nc6 2. Nf3 d5 3. exd5 Qxd5 4. Nc3 Qa5 5. Bb5 Bd7 6. a3 e6 7. d4 a6 8. Bxc6 Bxc6 9. 0-0 Bd6 10. Bd2 Qh5 11. Ne5 Qxd1 12. Raxd1 Bxe5 13. dxe5 Ne7 14. f4 0-0-0 15. Be3 Nf5 16. Bf2 h5 17. a4 h4 18. b4 h3 19. g3 Bf3 20. Rxd8+ Rxd8 21. Be1 Bg2 22. Rf2 Nd4 23. Rxg2 hxg2 24. Kxg2 Nxc2 25. Bf2 Nxb4 26. Ne4 Nd3 27. Be3 Nb2 28. Ng5 Rd7 29. g4 Nxa4 30. f5 exf5 31. gxf5 Nb6 32. e6 fxe6 33. Nxe6 Nd5 34. Bc5 b6 35. Bf2 c5 36. Kf3 a5 37. h4 a4 38. Bg3 Nf6 39. Be5 Rd5 40. Kf4 Rxe5 41. Kxe5 a3 42. Nxg7 Nd7+ 43. Ke6 a2 44. Kf7 a1Q 45. h5 Qf6+ 46. Kg8 Qf8+ 47. Kh7 Qf7 48. Kh6 c4 0-1

[Event "Hillerod-ch B"]
[Site "Hillerod"]
[Date "2022.05.15"]
[Round "1"]
[White "Lehmann, Oliver1111"]
[Black "Holm, Henrik"]
[Result "0-1"]
[WhiteElo "1770"]
[BlackElo "1826"]
[PlyCount "90"]
[EventDate "2022.05.15"]
[EventType "tourn"]
[EventRounds "5"]
[EventCountry "DEN"]
[SourceTitle "EXT 2024"]
[Source "ChessBase"]
[SourceDate "2023.10.10"]
[SourceVersion "1"]
[SourceVersionDate "2023.10.10"]
[SourceQuality "1"]

1. d4 Nf6 2. Nf3 e6 3. c4 c5 4. Nc3 cxd4 5. Nxd4 a6 6. g3 Nc6 7. Bg2 Bb4 8. Nxc6 bxc6 9. Bd2 0-0 10. a3 Be7 11. e4 Bb7 12. Bf4 Ne8 13. Qb3 Ra7 14. 0-0 c5 15. Rad1 Bc6 16. Rd2 g5 17. Be3 Qc7 18. Rfd1 d6 19. Qc2 Rb7 20. Rb1 Bf6 21. Rd3 h6 22. h4 Qe7 23. Qc1 Rc7 24. hxg5 Bxg5 25. f4 Bf6 26. e5 dxe5 27. Ne4 Bxe4 28. Bxe4 Nd6 29. Rxd6 Qxd6 30. Bc2 exf4 31. Bxf4 Qd4+ 32. Kg2 Rd7 33. Be3 Qe5 34. Bxh6 Qe2+ 35. Kh3 Qh5+ 36. Kg2 Rfd8 37. Be3 Qe2+ 38. Kh3 Bd4 39. Bh6 Qh5+ 40. Kg2 f5 41. Bg5 Rf8 42. Bd1 Qg6 43. Qf4 e5 44. Qc1 Rg7 45. Bh4 f4 0-1

[Event "Hillerod CC-chA"]
[Site "Hillerod"]
[Date "2020.09.22"]
[Round "2"]
[White "Holm, Henrik"]
[Black "Sorensen, Esben Lauge"]
[Result "1-0"]
[WhiteElo "1799"]
[BlackElo "1928"]
[PlyCount "81"]
[EventDate "2020.09.15"]
[EventType "tourn"]
[EventRounds "7"]
[EventCountry "DEN"]
[SourceTitle "EXT 2024"]
[Source "ChessBase"]
[SourceDate "2023.10.10"]
[SourceVersion "1"]
[SourceVersionDate "2023.10.10"]
[SourceQuality "1"]

1. e4 c6 2. d4 d5 3. Nc3 dxe4 4. Nxe4 Bf5 5. Ng3 Bg6 6. Nf3 Nd7 7. h4 h6 8. h5 Bh7 9. Bd3 Bxd3 10. Qxd3 e6 11. Be3 Ngf6 12. 0-0-0 Bd6 13. Ne4 Nxe4 14. Qxe4 Nf6 15. Qd3 Qc7 16. Kb1 Nd5 17. g3 b5 18. Ne5 0-0 19. f4 Rab8 20. g4 b4 21. Bd2 f6 22. Ng6 Rfe8 23. Rdf1 c5 24. g5 c4 25. Qf3 c3 26. Bc1 cxb2 27. Bxb2 Nc3+ 28. Kc1 Rec8 29. Qg2 Nxa2+ 30. Kd1 Qc6 31. Qxc6 Rxc6 32. gxf6 gxf6 33. Rhg1 Kf7 34. Ne5+ Bxe5 35. fxe5 f5 36. Rg6 Nc3+ 37. Bxc3 Rxc3 38. Rfg1 Rbc8 39. Rg7+ Kf8 40. Rg8+ Ke7 41. R1g7# 1-0

[Event "Hillerod CC-chA"]
[Site "Hillerod"]
[Date "2020.09.15"]
[Round "1"]
[White "Kuhn, Morten"]
[Black "Holm, Henrik"]
[Result "1/2-1/2"]
[WhiteElo "1787"]
[BlackElo "1799"]
[PlyCount "77"]
[EventDate "2020.09.15"]
[EventType "tourn"]
[EventRounds "7"]
[EventCountry "DEN"]
[SourceTitle "EXT 2024"]
[Source "ChessBase"]
[SourceDate "2023.10.10"]
[SourceVersion "1"]
[SourceVersionDate "2023.10.10"]
[SourceQuality "1"]

1. e4 Nc6 2. c4 e5 3. Nc3 Nf6 4. Nf3 Bc5 5. h3 d6 6. a3 a5 7. d3 h6 8. Bd2 0-0 9. Ne2 Nh7 10. g4 f6 11. Ng3 Ng5 12. Nh4 Kh7 13. Nhf5 Nd4 14. Bg2 Nge6 15. 0-0 Nf4 16. Be3 Nxg2 17. Kxg2 Nxf5 18. Nxf5 Bxe3 19. Nxe3 c6 20. b3 Be6 21. Rb1 Qd7 22. Qe2 g6 23. f3 f5 24. exf5 gxf5 25. gxf5 Bxf5 26. Nxf5 Qxf5 27. Qe4 Rf6 28. Rbd1 Rg8+ 29. Kf2 Rgf8 30. Ke2 Rg6 31. Rg1 Rff6 32. Rxg6 Kxg6 33. Rg1+ Kf7 34. Qxf5 Rxf5 35. Ke3 Rh5 36. Rg3 Rh4 37. Kd2 h5 38. Kc3 Kf6 39. b4 1/2-1/2

[Event "DEN-ch Kort 1-2"]
[Site "Svendborg"]
[Date "2019.04.14"]
[Round "2"]
[White "Hansen, Anders1111"]
[Black "Holm, Henrik"]
[Result "1/2-1/2"]
[WhiteElo "1567"]
[BlackElo "1829"]
[PlyCount "72"]
[EventDate "2019.04.13"]
[EventType "swiss"]
[EventRounds "5"]
[EventCountry "DEN"]
[SourceTitle "EXT 2020"]
[Source "ChessBase"]
[SourceDate "2019.10.17"]
[SourceVersion "1"]
[SourceVersionDate "2019.10.17"]
[SourceQuality "1"]

1. b3 Nf6 2. Bb2 d6 3. d4 c6 4. Nf3 Bg4 5. Nbd2 Nbd7 6. e3 Qc7 7. Be2 h6 8. 0-0 e5 9. e4 Be7 10. h3 Bh5 11. Re1 0-0-0 12. Nh2 Bxe2 13. Qxe2 g5 14. Nc4 h5 15. dxe5 Nxe5 16. Nxe5 dxe5 17. Nf3 Nd7 18. Qe3 g4 19. Ng5 Bxg5 20. Qxg5 gxh3 21. Qf5 f6 22. Qxh3 Rdg8 23. Rad1 Rh7 24. Re3 b6 25. Red3 Rgg7 26. Ba3 c5 27. b4 Kb7 28. bxc5 Nxc5 29. Bxc5 Qxc5 30. Rc3 Qf8 31. Qe6 Rc7 32. Rxc7+ Rxc7 33. Rd7 Rxd7 34. Qxd7+ Ka6 35. Qa4+ Kb7 36. Qd7+ Ka6 1/2-1/2

[Event "Hillerod CC-ch Gr1"]
[Site "Hillerod"]
[Date "2019.02.05"]
[Round "3"]
[White "Holm, Henrik"]
[Black "Kuhn, Morten"]
[Result "0-1"]
[WhiteElo "1849"]
[BlackElo "1783"]
[PlyCount "124"]
[EventDate "2019.01.08"]
[EventType "tourn"]
[EventRounds "7"]
[EventCountry "DEN"]
[SourceTitle "EXT 2021"]
[Source "ChessBase"]
[SourceDate "2020.10.23"]
[SourceVersion "1"]
[SourceVersionDate "2020.10.23"]
[SourceQuality "1"]

1. e4 g6 2. Nc3 Bg7 3. f4 d6 4. Nf3 Nd7 5. Be2 e6 6. 0-0 Ne7 7. h3 a6 8. a4 b6 9. d3 Bb7 10. Be3 d5 11. e5 Nf5 12. Bf2 c5 13. d4 0-0 14. g4 Nxd4 15. Nxd4 cxd4 16. Qxd4 f6 17. Bg3 fxe5 18. fxe5 Qc7 19. Rae1 Rac8 20. Bf3 Rfe8 21. Rf2 Bf8 22. Kg2 Bc5 23. Qd2 Bxf2 24. Bxf2 Rf8 25. Bd4 Nb8 26. Qe3 Qc6 27. Re2 b5 28. Nxd5 exd5 29. e6 Qd6 30. Qh6 Qe7 31. axb5 axb5 32. b4 Na6 33. c3 Rc4 34. h4 Rxd4 35. cxd4 Nxb4 36. h5 Rf6 37. Qe3 Bc8 38. hxg6 Rxg6 39. Qa3 Rxe6 40. Rb2 Nc6 41. Qxe7 Nxe7 42. Rxb5 Ba6 43. Rb8+ Kg7 44. Kg3 Kg6 45. Ra8 Bc4 46. Ra7 Nc6 47. Rc7 Nxd4 48. Bg2 Nb5 49. Rc5 Nc3 50. Rc7 Ne4+ 51. Kf4 Nf6 52. Rc8 h6 53. Rc7 Be2 54. Bh3 Bxg4 55. Bxg4 Re4+ 56. Kf3 Rxg4 57. Rc6 h5 58. Rd6 Kf5 59. Rd8 h4 60. Rf8 Rg3+ 61. Kf2 d4 62. Rh8 Ne4+ 0-1

[Event "Skjold Burne Hillerod op"]
[Site "Hillerod"]
[Date "2018.10.09"]
[Round "5"]
[White "Holm, Henrik"]
[Black "Rabjerg, Hans Rasmus"]
[Result "0-1"]
[WhiteElo "1835"]
[BlackElo "1668"]
[PlyCount "60"]
[EventDate "2018.09.25"]
[EventType "swiss"]
[EventRounds "7"]
[EventCountry "DEN"]
[SourceTitle "EXT 2020"]
[Source "ChessBase"]
[SourceDate "2019.10.17"]
[SourceVersion "1"]
[SourceVersionDate "2019.10.17"]
[SourceQuality "1"]

1. e4 d6 2. f4 e5 3. Nf3 Nf6 4. Nc3 Nc6 5. Bc4 Be7 6. 0-0 0-0 7. a4 exf4 8. d4 Bg4 9. Bxf4 Nxe4 10. Qd3 Nxc3 11. bxc3 d5 12. Ba2 Bf6 13. Qb5 Bxf3 14. gxf3 Nxd4 15. cxd4 Bxd4+ 16. Kg2 Bxa1 17. Qxb7 Qf6 18. Bxc7 Rfe8 19. Re1 Qg6+ 20. Kh3 Bf6 21. Qxd5 Qh6+ 22. Kg2 Kh8 23. Rxe8+ Rxe8 24. Qxf7 Qd2+ 25. Kh3 Qe2 26. Bd5 Qf1+ 27. Kg4 Qg2+ 28. Bg3 Qe2 29. c4 Bd8 30. Be4 Rxe4+ 0-1

[Event "Hillerod CC-chA"]
[Site "Hillerod"]
[Date "2017.02.21"]
[Round "6"]
[White "Holm, Henrik"]
[Black "Kuhn, Morten"]
[Result "1/2-1/2"]
[WhiteElo "1810"]
[BlackElo "1890"]
[PlyCount "77"]
[EventDate "2016.11.29"]
[EventType "tourn"]
[EventRounds "9"]
[EventCountry "DEN"]
[SourceTitle "EXT 2018"]
[Source "ChessBase"]
[SourceDate "2017.10.13"]
[SourceVersion "1"]
[SourceVersionDate "2017.10.13"]
[SourceQuality "1"]

1. d4 g6 2. c4 Bg7 3. Nf3 d6 4. g3 Nf6 5. Nc3 0-0 6. Bg2 Nbd7 7. e4 e5 8. d5 Nc5 9. Bg5 h6 10. Bxf6 Qxf6 11. 0-0 a5 12. Ne1 Qe7 13. Nd3 Nxd3 14. Qxd3 f5 15. f4 exf4 16. Rxf4 Be5 17. Rf2 Qg7 18. Kh1 Bxc3 19. bxc3 b6 20. Raf1 Bd7 21. Qd4 Rae8 22. Qxg7+ Kxg7 23. Re1 fxe4 24. Rxf8 Kxf8 25. Rxe4 Bf5 26. Rxe8+ Kxe8 27. Bf1 Ke7 28. Kg2 Be4+ 29. Kf2 c6 30. dxc6 Bxc6 31. Ke3 Kf6 32. Be2 Bd7 33. Kd4 Be6 34. a3 h5 35. Bf3 Bc8 36. Bd5 g5 37. Bf3 g4 38. Be4 Be6 39. Bd5 1/2-1/2

[Event "Hillerod CC-chA"]
[Site "Hillerod"]
[Date "2017.01.24"]
[Round "5"]
[White "Ramkilde, Mikael"]
[Black "Holm, Henrik"]
[Result "1-0"]
[WhiteElo "1979"]
[BlackElo "1810"]
[PlyCount "73"]
[EventDate "2016.11.29"]
[EventType "tourn"]
[EventRounds "9"]
[EventCountry "DEN"]
[SourceTitle "EXT 2018"]
[Source "ChessBase"]
[SourceDate "2017.10.13"]
[SourceVersion "1"]
[SourceVersionDate "2017.10.13"]
[SourceQuality "1"]

1. e4 Nc6 2. Nf3 f5 3. exf5 d5 4. d4 Bxf5 5. Bd3 Qd7 6. Bb5 a6 7. Ne5 Qd6 8. Bxc6+ bxc6 9. 0-0 Nf6 10. Bf4 Rg8 11. Nd3 Qd8 12. Re1 g5 13. Be5 e6 14. c4 Ng4 15. c5 Kd7 16. f3 Bxd3 17. fxg4 Bg6 18. Nd2 Qe7 19. b4 Bh6 20. Qa4 Bd3 21. Re3 Bg6 22. Rae1 Bf7 23. Nb3 Rgb8 24. Na5 Rb5 25. a3 Ra7 26. Rh3 Qf8 27. Rf1 Qe8 28. Rxh6 Bg6 29. Qd1 Ra8 30. Qd2 Qg8 31. Qxg5 Rbb8 32. Rh3 Rf8 33. Rhf3 h6 34. Qxh6 Rxf3 35. Rxf3 Be4 36. Rf4 Re8 37. Qg7+ 1-0

[Event "Hillerod CC-chA"]
[Site "Hillerod"]
[Date "2017.01.10"]
[Round "4"]
[White "Holm, Henrik"]
[Black "Lavrsen, Frands Winther"]
[Result "1/2-1/2"]
[WhiteElo "1810"]
[BlackElo "1804"]
[PlyCount "73"]
[EventDate "2016.11.29"]
[EventType "tourn"]
[EventRounds "9"]
[EventCountry "DEN"]
[SourceTitle "EXT 2018"]
[Source "ChessBase"]
[SourceDate "2017.10.13"]
[SourceVersion "1"]
[SourceVersionDate "2017.10.13"]
[SourceQuality "1"]

1. d4 d5 2. c4 Nc6 3. Nc3 Nf6 4. cxd5 Nxd5 5. e4 Nxc3 6. bxc3 e5 7. d5 Nb8 8. Nf3 Bd6 9. Bg5 f6 10. Be3 0-0 11. Bd3 Nd7 12. Qc2 Nc5 13. Bc4 Qe8 14. Nd2 f5 15. f3 Qg6 16. Nb3 Na4 17. 0-0-0 Ba3+ 18. Kb1 Nb2 19. Bd3 Nxd1 20. Rxd1 b6 21. Rg1 a5 22. Qe2 fxe4 23. fxe4 Bg4 24. Qe1 a4 25. Nd2 Ra5 26. Nc4 Rxd5 27. Bc2 Rb5+ 28. Ka1 Be6 29. Nxa3 Ra5 30. h3 Qf7 31. Bb1 Qe7 32. Nc2 c5 33. Qg3 Bc4 34. Na3 Bf1 35. Bf2 Ba6 36. Nc2 b5 37. Ne3 1/2-1/2

[Event "Hillerod Spar Nord op"]
[Site "Hillerod"]
[Date "2016.10.01"]
[Round "3"]
[White "Holm, Henrik"]
[Black "Svensson, Stig"]
[Result "1-0"]
[WhiteElo "1814"]
[BlackElo "1595"]
[PlyCount "85"]
[EventDate "2016.09.13"]
[EventType "swiss"]
[EventRounds "7"]
[EventCountry "DEN"]
[SourceTitle "EXT 2024"]
[Source "ChessBase"]
[SourceDate "2023.10.10"]
[SourceVersion "1"]
[SourceVersionDate "2023.10.10"]
[SourceQuality "1"]

1. e4 e5 2. Nf3 Nc6 3. Bb5 Nf6 4. 0-0 a6 5. Ba4 Be7 6. Re1 0-0 7. c3 b5 8. Bc2 d6 9. h3 Bb7 10. d4 Re8 11. a4 exd4 12. cxd4 Nd7 13. Nc3 Nb4 14. axb5 Nxc2 15. Qxc2 axb5 16. Rxa8 Qxa8 17. Nxb5 Qa5 18. Nc3 c5 19. d5 Bf6 20. Bd2 Qa6 21. Bf4 Be5 22. Nxe5 Nxe5 23. Re3 Nc4 24. Rg3 Ne5 25. Kh2 Qc4 26. Qa4 Qxa4 27. Nxa4 c4 28. Bxe5 Rxe5 29. Nc3 Ba6 30. Re3 Re7 31. Re1 Rb7 32. Ra1 Rb6 33. Ra4 g6 34. f4 Kg7 35. e5 dxe5 36. fxe5 h5 37. Kg3 Bc8 38. Rxc4 Bf5 39. b4 Bd3 40. Rd4 Bf5 41. Ne4 Bc8 42. Nc5 Rb8 43. d6 1-0

[Event "Hillerod Byturnering B"]
[Site "Hillerod"]
[Date "2016.06.14"]
[Round "6"]
[White "Lavrsen, Frands Winther"]
[Black "Holm, Henrik"]
[Result "0-1"]
[WhiteElo "1817"]
[BlackElo "1755"]
[PlyCount "108"]
[EventDate "2016.04.26"]
[EventType "tourn"]
[EventRounds "7"]
[EventCountry "DEN"]
[SourceTitle "EXT 2024"]
[Source "ChessBase"]
[SourceDate "2023.10.10"]
[SourceVersion "1"]
[SourceVersionDate "2023.10.10"]
[SourceQuality "1"]

1. Nf3 b6 2. e4 Bb7 3. Nc3 c5 4. Bc4 e6 5. d4 cxd4 6. Nxd4 Qc7 7. Qd3 a6 8. Bb3 Bb4 9. Bd2 Nf6 10. Nde2 0-0 11. 0-0 Nc6 12. Bf4 e5 13. Bg5 Ne7 14. Nd5 Nexd5 15. exd5 e4 16. Qd1 Qe5 17. Bxf6 gxf6 18. Qd4 Bd6 19. Qxe5 fxe5 20. c4 f5 21. Nc3 Bc5 22. Na4 Bd4 23. Rfe1 d6 24. Rac1 Kg7 25. Bd1 b5 26. cxb5 axb5 27. Nc3 Bxc3 28. Rxc3 Rxa2 29. Rb3 Ra5 30. Be2 Bxd5 31. Rxb5 Rxb5 32. Bxb5 Rb8 33. Bd7 Kf6 34. Re2 Bb3 35. h3 Rb7 36. Bc6 Rc7 37. Ba8 d5 38. Rd2 d4 39. g4 Rc1+ 40. Kg2 Rc2 41. Rxc2 Bxc2 42. Kf1 Bd3+ 43. Ke1 fxg4 44. hxg4 Kg5 45. f3 exf3 46. Bxf3 e4 47. Bd1 Bb5 48. b4 Kf4 49. Kf2 h6 50. Ke1 e3 51. Be2 d3 52. g5 hxg5 53. Kd1 g4 54. Bf1 e2+ 0-1

[Event "Hillerod Byturnering B"]
[Site "Hillerod"]
[Date "2016.05.31"]
[Round "5"]
[White "Holm, Henrik"]
[Black "Nygaard, Soren"]
[Result "1-0"]
[WhiteElo "1755"]
[BlackElo "1752"]
[PlyCount "117"]
[EventDate "2016.04.26"]
[EventType "tourn"]
[EventRounds "7"]
[EventCountry "DEN"]
[SourceTitle "EXT 2024"]
[Source "ChessBase"]
[SourceDate "2023.10.10"]
[SourceVersion "1"]
[SourceVersionDate "2023.10.10"]
[SourceQuality "1"]

1. e4 c5 2. Nf3 Nc6 3. d4 cxd4 4. Nxd4 Nf6 5. Nc3 e5 6. Ndb5 d6 7. Nd5 Nxd5 8. exd5 Nb8 9. Qf3 Be7 10. Qc3 Na6 11. Be3 b6 12. Qc6+ Bd7 13. Nxd6+ Kf8 14. Nxf7 Kxf7 15. Qc4 Nc5 16. d6+ Be6 17. dxe7 Qxe7 18. Qc3 Qc7 19. Bc4 Bxc4 20. Qxc4+ Ne6 21. Qb3 Rhd8 22. 0-0 Rac8 23. c3 Qc4 24. Qxc4 Rxc4 25. Rad1 Rcc8 26. h3 Ke7 27. g3 g5 28. Kg2 Rg8 29. Rd5 e4 30. Re5 Kf6 31. Rxe4 h5 32. Bd4+ Kf5 33. Re5+ Kf6 34. Rd5+ Nxd4 35. Rxd4 Rce8 36. Rfd1 g4 37. R1d2 gxh3+ 38. Kxh3 Re1 39. Rd6+ Re6 40. Rxe6+ Kxe6 41. Kh4 Rh8 42. Re2+ Kf6 43. a4 Kf5 44. Rd2 Ke4 45. Rd4+ Kf3 46. Rf4+ Ke2 47. Rf7 a5 48. Rf6 Rb8 49. Kxh5 b5 50. Rf5 bxa4 51. Rxa5 Kxf2 52. g4 Kg3 53. g5 Rxb2 54. Rxa4 Rc2 55. Rc4 Kf3 56. g6 Ke3 57. g7 Rg2 58. Rg4 Rh2+ 59. Kg6 1-0

[Event "Hillerod op"]
[Site "Hillerod"]
[Date "2015.10.08"]
[Round "6"]
[White "Holm, Henrik"]
[Black "Oland, Arne"]
[Result "1-0"]
[WhiteElo "1753"]
[BlackElo "1950"]
[PlyCount "59"]
[EventDate "2015.09.08"]
[EventType "swiss"]
[EventRounds "7"]
[EventCountry "DEN"]
[SourceTitle "EXT 2024"]
[Source "ChessBase"]
[SourceDate "2023.10.10"]
[SourceVersion "1"]
[SourceVersionDate "2023.10.10"]
[SourceQuality "1"]

1. e4 e6 2. d4 d5 3. Nc3 Bb4 4. e5 c5 5. a3 Ba5 6. b4 cxb4 7. Nb5 b3+ 8. c3 Bc7 9. Qg4 Kf8 10. a4 Ne7 11. Ba3 Kg8 12. Bd3 a6 13. Nd6 Nbc6 14. Nf3 Bxd6 15. Bxd6 Qa5 16. Kd2 Bd7 17. Rhb1 Nf5 18. Rxb3 Nxd6 19. exd6 Nd8 20. Rb4 f6 21. Qg3 Rc8 22. Ne1 b5 23. Bc2 Nc6 24. axb5 Qxa1 25. bxc6 Bxc6 26. d7 Bxd7 27. Rb7 Rd8 28. Qd6 Rc8 29. Qxd7 Qxc3+ 30. Ke2 1-0

[Event "Hillerod Byturnering C"]
[Site "Hillerod"]
[Date "2015.??.??"]
[Round "7"]
[White "Holm, Henrik"]
[Black "Jorgensen, Orla Eilegaard"]
[Result "0-1"]
[WhiteElo "1765"]
[BlackElo "1609"]
[PlyCount "40"]
[EventDate "2015.04.28"]
[EventType "tourn"]
[EventRounds "7"]
[EventCountry "DEN"]
[SourceTitle "EXT 2024"]
[Source "ChessBase"]
[SourceDate "2023.10.10"]
[SourceVersion "1"]
[SourceVersionDate "2023.10.10"]
[SourceQuality "1"]

1. e4 b6 2. Nc3 Bb7 3. d4 e6 4. Bd3 f5 5. Nf3 fxe4 6. Nxe4 Nf6 7. Nxf6+ Qxf6 8. Be2 h6 9. Ne5 Bxg2 10. Bh5+ Kd8 11. Rg1 Be4 12. Nf7+ Ke7 13. Nxh8 Nc6 14. Be3 Nb4 15. Ng6+ Kd8 16. Nxf8 Nxc2+ 17. Ke2 Qxf8 18. Rc1 Qf5 19. Bg4 Qb5+ 20. Qd3 Qxd3# 0-1

[Event "Hillerod Byturnering C"]
[Site "Hillerod"]
[Date "2015.??.??"]
[Round "6"]
[White "Sorensen, Bernhard"]
[Black "Holm, Henrik"]
[Result "0-1"]
[WhiteElo "1648"]
[BlackElo "1765"]
[PlyCount "78"]
[EventDate "2015.04.28"]
[EventType "tourn"]
[EventRounds "7"]
[EventCountry "DEN"]
[SourceTitle "EXT 2024"]
[Source "ChessBase"]
[SourceDate "2023.10.10"]
[SourceVersion "1"]
[SourceVersionDate "2023.10.10"]
[SourceQuality "1"]

1. d4 d5 2. Bf4 Nf6 3. e3 e6 4. Nf3 c5 5. c3 cxd4 6. exd4 Be7 7. Nbd2 0-0 8. Bd3 Nbd7 9. Qc2 Re8 10. h3 Nf8 11. Ne5 a6 12. Ndf3 N6d7 13. 0-0-0 b5 14. Nc6 Qb6 15. Nxe7+ Rxe7 16. Ng5 h6 17. Nf3 b4 18. Qb3 a5 19. cxb4 axb4 20. Be3 Nf6 21. Kb1 Ba6 22. Ne5 Rea7 23. a3 Rb7 24. axb4 Rab8 25. Bxa6 Qxa6 26. Qa3 Qb5 27. Rd2 N8d7 28. Qa5 Qxb4 29. Qxb4 Rxb4 30. Nc6 Ne4 31. Rc2 Nc3+ 32. Rxc3 Rxb2+ 33. Ka1 R8b7 34. Rhc1 Nf6 35. R3c2 R2b5 36. Ne5 Ne4 37. Ra2 Kh7 38. Nd3 Nc3 39. Ra3 Rb1+ 0-1

[Event "Hillerod Nordea Cup C"]
[Site "Hillerod"]
[Date "2014.04.29"]
[Round "3"]
[White "Holm, Henrik"]
[Black "Rasmussen, Ole H"]
[Result "1/2-1/2"]
[WhiteElo "1799"]
[BlackElo "1726"]
[PlyCount "60"]
[EventDate "2014.04.29"]
[EventType "tourn"]
[EventRounds "7"]
[EventCountry "DEN"]
[SourceTitle "EXT 2024"]
[Source "ChessBase"]
[SourceDate "2023.10.10"]
[SourceVersion "1"]
[SourceVersionDate "2023.10.10"]
[SourceQuality "1"]

1. e4 c5 2. Nc3 Nc6 3. f4 d6 4. Nf3 g6 5. Be2 Bg7 6. 0-0 Nf6 7. h3 0-0 8. d3 Nd4 9. Be3 Nxe2+ 10. Qxe2 a6 11. Rab1 b5 12. Qe1 Bb7 13. Qh4 e6 14. Ng5 h6 15. Nf3 Nh5 16. Qf2 Rc8 17. Ne2 c4 18. g4 Nf6 19. Ng3 Nh7 20. d4 f5 21. e5 fxg4 22. hxg4 dxe5 23. Nxe5 g5 24. Rbd1 gxf4 25. Bxf4 Ng5 26. Bxg5 Qxg5 27. Qe2 Bd5 28. c3 Rf4 29. Rxf4 Qxf4 30. Nh5 Qg5 1/2-1/2